Statistics for Sidemen Channels

Click here to take the quiz!

General Stats

  • This quiz has been taken 29 times
    (8 since last reset)
  • The average score is 19 of 29

Answer Stats

HintAnswer% Correct
Zerkaa
100%
Behzinga
86%
KSI
86%
Miniminter
86%
MM7Games
86%
MoreSidemen
86%
Sidemen
86%
SidemenReacts
86%
SidemenShorts
86%
Vikkstar123
86%
W2S
86%
JJ Olatunji
71%
W2S+
71%
ZerkaaClips
71%
ZerkaaShorts
71%
Beh2inga
57%
Behzinga Shorts
57%
KSIClips
57%
MiniminterClips
57%
MiniminterShorts
57%
TBJZL
57%
W2SClips
57%
ZerkaaPlays
57%
TBJZLClips
43%
TBJZLPlays
43%
VikkstarPlays
43%
VikkstarShorts
43%
Vikkstar123HD
29%
hmmmJideJunior
0%

Score Distribution

Percentile by Number Answered

Percent of People with Each Score

Your Score History

You have not taken this quiz since the last reset